[Event "AUTO-ELITE-2258"]
[Site "http://www.queenalice.com/game.php?id=1622673"]
[Date "2020.8.3"]
[Round "1"]
[White "Haso"]
[Black "Sexxy_Bunny"]
[Result "1/2-1/2"]
[WhiteElo "2751"]
[BlackElo "2789"]

1. e4 c5 2. Nf3 d6 3. d4 cxd4 4. Nxd4 Nf6 5. Nc3 a6 6. Be3 e5 7. Nb3 Be6 8. f3
Nbd7 9. g4 Nb6 10. g5 Nh5 11. Qd2 Be7 12. O-O-O O-O 13. Kb1 Rc8 14. Rg1 g6 15.
Qf2 Nc4 16. Bxc4 Bxc4 17. Na4 Be6 18. Nb6 Rc7 19. Nd5 Bxd5 20. Rxd5 Qd7 21. Rd3
Rfc8 22. Rd2 Qh3 23. Qe2 Rf8 24. a3 f5 25. gxf6 Rxf6 26. Rf1 Rf7 27. Rd3 Ng7 28.
Bd2 Qh5 29. Rg1 Ne6 30. Rg4 Rc8 31. h4 Bxh4 32. Qh2 Bg5 33. Qxh5 gxh5 34. Rxg5+
Nxg5 35. Bxg5 Rg7 36. Bc1 Rg6 37. Rd1 Rf8 38. Nd2 h4 39. Rh1 Rff6 40. Rh3 Rg1
41. b4 Rfg6 42. Rxh4 Re1 43. Nb3 Rf1 44. a4 Rxf3 45. b5 Rc3 46. Kb2 Rc4 47. Nd2
Rxa4 48. bxa6 bxa6 49. Kb3 Rd4 50. c3 Rd3 51. Nc4 Rgg3 52. Bd2 Rh3 53. Rg4+ Kf7
54. Rg1 h5 55. Rf1+ Kg8 56. Kc2 h4 57. Be1 a5 58. Rf5 a4 59. Rh5 Kf7 60. Rxh4
Rxc3+ 61. Bxc3 Rxh4 62. Nxd6+ Ke6 63. Nb7 Ke7 64. Kd3 a3 65. Bxe5 a2 66. Nc5 Rh5
67. Bd4 a1=Q 68. Bxa1 Rxc5 69. Bd4 Rh5 70. Be3 Kf6 71. Kd4 Rh1 72. Bd2 Rd1 73.
Ke3 Rxd2 74. Kxd2 Ke5 75. Kd3 Ke6 76. Kd4 Kd6 77. e5+ Ke6 78. Ke4 Ke7 79. Kd5
Kd7 80. e6+ Ke7 81. Ke5 Ke8 82. Kd6 Kd8 83. Kd5 Ke7 84. Ke5 1/2-1/2

[Event "AUTO-ELITE-2258"]
[Site "http://www.queenalice.com/game.php?id=1622678"]
[Date "2020.8.3"]
[Round "1"]
[White "Haso"]
[Black "popcorn"]
[Result "1-0"]
[WhiteElo "2706"]
[BlackElo "2243"]

1. e4 e5 2. Nf3 Nc6 3. Bc4 Nf6 4. d3 Be7 5. O-O d6 6. c3 O-O 7. a4 Bg4 8. Re1
Na5 9. Ba2 c5 10. h3 Bxf3 11. Qxf3 Nc6 12. Na3 Qa5 13. Nc4 Qc7 14. Ne3 Rfd8 15.
Nf5 Bf8 16. Bg5 Be7 17. Qg3 1-0

[Event "AUTO-ELITE-2258"]
[Site "http://www.queenalice.com/game.php?id=1622679"]
[Date "2020.8.3"]
[Round "1"]
[White "popcorn"]
[Black "Haso"]
[Result "0-1"]
[WhiteElo "2227"]
[BlackElo "2697"]

1. d4 Nf6 2. c4 e6 3. Nf3 b6 4. g3 Ba6 5. Nbd2 d5 6. e3 c5 7. b3 Nc6 8. Bb2 cxd4
9. Nxd4 Nxd4 10. Bxd4 Be7 11. Bg2 O-O 12. O-O Rc8 13. Rc1 Bb4 14. Re1 dxc4 0-1

[Event "Alisa"]
[Site "http://www.queenalice.com/game.php?id=1628943"]
[Date "2020.10.4"]
[Round "1"]
[White "Haso"]
[Black "Robi"]
[Result "1/2-1/2"]
[WhiteElo "2707"]
[BlackElo "2753"]

1. e4 c5 2. Nf3 d6 3. d4 cxd4 4. Nxd4 Nf6 5. Nc3 a6 6. Be3 e5 7. Nb3 Be6 8. f3
h5 9. Qd2 Nbd7 10. Nd5 Bxd5 11. exd5 g6 12. Be2 Bg7 13. O-O b6 14. c4 O-O 15.
Rae1 Re8 16. Bf2 Qc7 17. Bd3 Rac8 18. h3 Nh7 19. a4 Nc5 20. Nxc5 bxc5 21. b4
cxb4 22. Qxb4 Rb8 1/2-1/2

[Event "AUTO-ELITE-2233"]
[Site "http://www.queenalice.com/game.php?id=1629318"]
[Date "2020.10.7"]
[Round "2"]
[White "Haso"]
[Black "patoche"]
[Result "1-0"]
[WhiteElo "2723"]
[BlackElo "2681"]

1. e4 Nc6 2. d4 d5 3. e5 f6 4. f4 Nh6 5. Be2 Bf5 6. Nf3 e6 7. c3 Be7 8. O-O O-O
9. Nbd2 Qe8 10. Ne1 Rd8 11. Nd3 Kh8 12. a4 a5 13. Bh5 Qd7 14. Nf2 Rg8 15. Be2
Nb8 16. Nb3 b6 17. g4 Bg6 18. exf6 gxf6 19. f5 Nxf5 20. gxf5 Bxf5+ 21. Kh1 e5
22. Bh5 c5 23. Be3 Rc8 24. Qf3 cxd4 25. cxd4 e4 26. Qf4 Na6 27. Rg1 Nb4 28. Ng4
Nd3 29. Nh6 Be6 30. Qf1 Rxg1+ 31. Qxg1 Bf8 32. Nc1 Nxb2 33. Ne2 Nc4 34. Bf4 Qe7
35. Qf2 Bxh6 36. Bxh6 Rg8 37. Rf1 Bh3 38. Rg1 Rxg1+ 39. Qxg1 Be6 40. Qg3 1-0

[Event "AUTO-ELITE-2233"]
[Site "http://www.queenalice.com/game.php?id=1629319"]
[Date "2020.10.7"]
[Round "2"]
[White "patoche"]
[Black "Haso"]
[Result "1/2-1/2"]
[WhiteElo "2682"]
[BlackElo "2720"]

1. e4 c5 2. Nf3 d6 3. d4 cxd4 4. Nxd4 Nf6 5. Nc3 a6 6. h3 e5 7. Nde2 h5 8. Bg5
Be6 9. f4 Nbd7 10. f5 Bc4 11. Ng3 Rc8 12. Bxc4 Rxc4 13. Qd3 Qc7 14. Nge2 Be7 15.
O-O-O Qc6 16. Rhe1 Nxe4 17. Bxe7 Nxc3 18. bxc3 Kxe7 19. Nd4 Qc5 20. f6+ 1/2-1/2

[Event "AUTO-ELITE-2280"]
[Site "http://www.queenalice.com/game.php?id=1631106"]
[Date "2020.10.27"]
[Round "1"]
[White "Rhavstur"]
[Black "Haso"]
[Result "0-1"]
[WhiteElo "2576"]
[BlackElo "2755"]

1. Nf3 d5 2. g3 Nf6 3. Bg2 c6 4. O-O Bf5 5. d3 e6 6. Nbd2 h6 7. b3 Be7 8. Bb2
O-O 9. Qe1 Bh7 10. e4 a5 11. a3 Nfd7 12. Qe2 c5 13. d4 cxd4 14. exd5 exd5 15.
Nxd4 Nc6 16. Qb5 Rc8 17. Qxd5 Nxd4 18. Bxd4 Bxc2 19. Rfe1 Nc5 20. Qxd8 Rfxd8 21.
Rxe7 Rxd4 22. Nf3 Rdd8 23. b4 axb4 24. axb4 Kf8 25. Rae1 Nd3 26. R1e3 Bb3 27.
Rxb7 Rc1+ 28. Bf1 Be6 29. h4 Bh3 30. Nh2 Be6 0-1

[Event "AUTO-ELITE-2280"]
[Site "http://www.queenalice.com/game.php?id=1631107"]
[Date "2020.10.27"]
[Round "1"]
[White "Haso"]
[Black "Rhavstur"]
[Result "1-0"]
[WhiteElo "2759"]
[BlackElo "2487"]

1. e4 c6 2. d4 d5 3. e5 c5 4. dxc5 e6 5. Nf3 Bxc5 6. Bd3 Ne7 7. O-O Ng6 8. Nbd2
Nc6 9. Nb3 Bb6 10. Re1 O-O 11. Be3 Bc7 12. Bc5 Ngxe5 13. Bxf8 Qxf8 14. Nbd4 Bd7
15. c3 f6 16. Bc2 Rd8 17. Re3 Nc4 18. Rxe6 Nxd4 19. Nxd4 Bxe6 20. Nxe6 Qd6 21.
Nxc7 Qxc7 22. b3 Ne5 23. Qd2 Nc6 24. Bf5 Qe5 25. Bd3 g6 26. Re1 Qd6 27. h4 Kg7
28. h5 Ne5 29. h6+ Kf8 30. Rd1 d4 31. Be4 1-0

[Event "AUTO-ELITE-2280"]
[Site "http://www.queenalice.com/game.php?id=1631110"]
[Date "2020.10.27"]
[Round "1"]
[White "josekasparov"]
[Black "Haso"]
[Result "0-1"]
[WhiteElo "2531"]
[BlackElo "2747"]

1. e4 c5 2. Nf3 d6 3. d4 cxd4 4. Nxd4 Nf6 5. Nc3 a6 6. Bc4 e6 7. Bb3 Nbd7 8. f4
Nc5 9. f5 Be7 10. Qf3 O-O 11. Be3 e5 12. Nde2 Nxb3 13. axb3 b5 14. g4 b4 15. Nd5
Nxd5 16. exd5 e4 17. Qf4 Bh4+ 18. Ng3 Bf6 19. Nxe4 Bxb2 20. Rd1 Be5 21. Qf2 Re8
22. O-O Bxh2+ 23. Kxh2 Rxe4 24. Rd4 Qe7 25. Rxe4 Qxe4 26. Bf4 Bb7 27. Rd1 Rc8
28. Rd4 Qe7 29. Bg3 Qf6 30. Rd2 h5 31. Bh4 Qe5+ 32. Bg3 Qe4 33. Rd4 Qxc2 34.
Qxc2 Rxc2+ 35. Kh3 a5 36. Bxd6 Rc3+ 37. Bg3 Bc8 38. d6 Bd7 39. Re4 g5 40. Kh2 h4
41. Be5 Rxb3 42. Bf6 Rd3 43. Bxg5 b3 0-1

[Event "AUTO-ELITE-2280"]
[Site "http://www.queenalice.com/game.php?id=1631111"]
[Date "2020.10.27"]
[Round "1"]
[White "Haso"]
[Black "josekasparov"]
[Result "1-0"]
[WhiteElo "2752"]
[BlackElo "2519"]

1. e4 c5 2. Nf3 d6 3. d4 cxd4 4. Nxd4 Nf6 5. Nc3 g6 6. Be3 Bg7 7. f3 O-O 8. Qd2
Nc6 9. Bc4 Bd7 10. O-O-O Rc8 11. Bb3 Nxd4 12. Bxd4 b5 13. Nd5 Nxd5 14. Bxg7 Kxg7
15. exd5 a5 16. a3 Kg8 17. Rhe1 Rc5 18. Re3 b4 19. axb4 axb4 20. Qxb4 Qa8 21.
Kd2 Rb8 22. Qd4 Bf5 23. Rc3 Qa5 24. Ke2 Rxc3 25. bxc3 Rc8 26. Qb4 Qc5 27. Qxc5
Rxc5 28. c4 h5 29. Ra1 Kg7 30. Ra7 Kf8 31. Ra8+ Kg7 32. Ra7 Kf8 33. Ra8+ Kg7 34.
h4 Kf6 35. Ra7 e6 36. Kd2 Rc8 37. g3 Bh3 38. Rd7 Bf1 39. Kc3 Bh3 40. Kb4 exd5
41. Rxd6+ Ke7 42. c5 Be6 43. Bxd5 Rb8+ 44. Kc4 Rb2 45. Bxe6 fxe6 46. Rd2 1-0

[Event "AUTO-ELITE-2227"]
[Site "http://www.queenalice.com/game.php?id=1642495"]
[Date "2021.2.3"]
[Round "2"]
[White "parapunzi"]
[Black "Haso"]
[Result "1-0"]
[WhiteElo "2592"]
[BlackElo "2751"]

1. e4 c5 2. Nf3 d6 3. d4 cxd4 4. Nxd4 Nf6 5. Nc3 a6 6. Bd3 e5 7. Nde2 Be7 8. O-O
Be6 9. f4 exf4 10. Nxf4 Nc6 11. Qe2 O-O 12. Kh1 Ne5 13. Be3 Rc8 14. Bd4 Nfd7 15.
Ncd5 Bg5 16. Rae1 Nc5 17. h3 Bxf4 18. Nxf4 Re8 19. Qd1 b5 20. a3 f6 21. b4 Ncxd3
22. cxd3 Bf7 23. Qd2 Rc6 24. Bb2 Qb6 25. Re2 Rec8 26. Kh2 1-0

[Event "AUTO-ELITE-2227"]
[Site "http://www.queenalice.com/game.php?id=1642496"]
[Date "2021.2.3"]
[Round "2"]
[White "Haso"]
[Black "parapunzi"]
[Result "0-1"]
[WhiteElo "2763"]
[BlackElo "2580"]

1. e4 e6 2. d4 d5 3. Nc3 Bb4 4. e5 Ne7 5. a3 Bxc3+ 6. bxc3 c5 7. Qg4 Kf8 8. Qd1
h6 9. Nf3 b6 10. a4 Kg8 11. Ba3 Qc7 12. Bd3 Ba6 13. dxc5 Ng6 14. O-O bxc5 15.
Bxa6 Nxa6 16. Qd3 Nb8 17. c4 dxc4 18. Qe4 Qc6 19. Rfe1 Kh7 20. Bxc5 Qxe4 21.
Rxe4 Rd8 22. h4 Rd5 23. Bd6 Nc6 24. h5 Nge7 25. Kf1 Rc8 26. g4 c3 27. Rb1 f5 0-1

[Event "AUTO-ELITE-2344"]
[Site "http://www.queenalice.com/game.php?id=1763998"]
[Date "2021.7.8"]
[Round "1"]
[White "greggy"]
[Black "Haso"]
[Result "1-0"]
[WhiteElo "2876"]
[BlackElo "2736"]

1. d4 Nf6 2. c4 e6 3. Nf3 b6 4. g3 Ba6 5. b3 Bb4+ 6. Bd2 Be7 7. Bg2 d5 8. cxd5
exd5 9. Nc3 O-O 10. O-O Re8 11. Ne5 Bb7 12. Rc1 Nbd7 13. Rc2 h6 14. Bf4 Nf8 15.
Bc1 c6 16. Bb2 Rc8 17. Re1 Ne6 18. h4 Bd6 19. e4 Rc7 20. exd5 cxd5 21. Ng4 Nxg4
22. Qxg4 Bb4 23. Re5 b5 24. Rc1 Qc8 25. Re3 1-0

[Event "AUTO-ELITE-2344"]
[Site "http://www.queenalice.com/game.php?id=1763999"]
[Date "2021.7.8"]
[Round "1"]
[White "Haso"]
[Black "greggy"]
[Result "0-1"]
[WhiteElo "2731"]
[BlackElo "2881"]

1. d4 Nf6 2. c4 g6 3. Nc3 d5 4. cxd5 Nxd5 5. e4 Nxc3 6. bxc3 Bg7 7. Bc4 c5 8.
Ne2 Nc6 9. Be3 O-O 10. O-O b6 11. Rc1 e6 12. Bb5 Bd7 13. Bd3 Qe7 14. Qd2 cxd4
15. cxd4 Qb4 16. Qd1 Rfd8 17. e5 Ne7 18. Rb1 Qa5 19. Bd2 Qa4 20. Qxa4 Bxa4 21.
Bg5 Bf8 22. Rfc1 h6 23. Bf6 Rac8 0-1

[Event "AUTO-ELITE-2344"]
[Site "http://www.queenalice.com/game.php?id=1764005"]
[Date "2021.7.8"]
[Round "1"]
[White "Haso"]
[Black "BEBADO"]
[Result "1-0"]
[WhiteElo "2762"]
[BlackElo "2284"]

1. e4 c6 2. d4 d5 3. e5 Bf5 4. Nf3 e6 5. Be2 Nd7 6. O-O Ne7 7. Nbd2 h6 8. Nb3
Bh7 9. Bd2 g5 10. a4 Nf5 11. a5 Be7 12. c4 dxc4 13. Bxc4 b5 14. axb6 axb6 15.
Qe2 b5 16. Bd3 O-O 17. g4 Ng7 18. Bxh7+ Kxh7 19. Na5 Qb6 20. h4 Ra6 21. hxg5
hxg5 22. Kg2 1-0